Strategi menghadapi peperiksaan : membimbing anda ke arah kejayaan

Bibliographic Details
Main Author: Juhari Jani (Author)
Format: Book
Published: Kuala Lumpur : Penerbitan Saiful Azanis , c1987
Subjects:

MARC

LEADER 00000cam a2200000 7i4500
001 0000007219
005 20021119093000.0
008 021119n
090 0 0 |a LB1049   |b .J83 
100 0 |a Juhari Jani ,   |e author 
245 0 0 |a Strategi menghadapi peperiksaan :   |b membimbing anda ke arah kejayaan   |c Juhari Jani 
260 2 |a Kuala Lumpur :   |b Penerbitan Saiful Azanis ,   |c c1987 
300 |a 83 ms. ; ;   |c 17 cm. 
650 0 |a Study, Method of 
999 |a 1000026462   |b Book   |c OPEN SHELF (30 DAYS)   |e Gong Badak Campus